| 000 | 00522nam a2200181Ia 4500 | ||
|---|---|---|---|
| 008 | 100921s9999 xx 000 0 und d | ||
| 082 |
_b17590 _a891.463 थ 82 |
||
| 100 | _aगोखले अरविंद. | ||
| 245 | _aवरात. | ||
| 260 |
_bपुणे साहित्य वितरण,पुणे. _c1982 |
||
| 300 |
_a142 _b--- |
||
| 365 | _b18 | ||
| 520 | _aललित-कथा. | ||
| 630 | _aवरात. | ||
| 650 | _aललित-कथा. | ||
| 730 | _aवरात. | ||
| 942 | _cBOOK | ||
| 999 |
_c766703 _d766700 |
||